00405nam a22001217a 4500020000800000040001600008082001300024100002900037245013200066250001600198260003500214300003400249 qHB. cFIZZA ISHAQ a909bWIL a Williams , Henry Smith. aThe historians' history of the world in twenty-five volumes, volume XV -GERMANIC EMPIRES (Concluded) /c Henry Smith Williams. a volume XV. aNew York:bThe Outlook,c1904. axii ; 662 P. ; ill . ;c27 cm